Atlas de histología normal
Bewaard in:
| Hoofdauteur: | |
|---|---|
| Formaat: | Boek |
| Taal: | Spaans |
| Gepubliceerd in: |
Buenos Aires
El Ateneo
2002
|
| Editie: | 7a. ed |
| Onderwerpen: | |
| Tags: |
Voeg label toe
Geen labels, Wees de eerste die dit record labelt!
|
MARC
| LEADER | 00000cam a2200000 a 4500 | ||
|---|---|---|---|
| 001 | UCD0461 | ||
| 003 | CL-VaPUC | ||
| 008 | 151127e20020000ag |||||||||||||||||spa|d | ||
| 020 | |a 9500200368 | ||
| 082 | 0 | 4 | |a 611.018 |b FIO |2 21 |
| 100 | 0 | |a Fiore, Mariano di |e author |9 583430 | |
| 245 | 1 | 0 | |a Atlas de histología normal |
| 250 | |a 7a. ed | ||
| 300 | |a 2296 p | ||
| 942 | |c BK | ||
| 945 | |d 20151127 13:45:00 |a gsalatino | ||
| 260 | |a Buenos Aires |b El Ateneo |c 2002 | ||
| 650 | 0 | |a Histología |9 264868 | |
| 650 | 0 | |a Células |9 269548 | |
| 650 | 7 | |a TEJIDOS BIOLOGIA |2 CL-VaPUC |9 583431 | |
| 650 | 0 | |a Anatomía |9 261202 | |
| 583 | |a last modification |c 20151223 08:50:04 |k Rodrigo Vera | ||
| 999 | |c 361983 |d 361981 | ||